01335cam a2200265 a 450000100060000000300080000600500170001400800410003103500230007203500190009504000370011404100080015108200230015911101200018224501830030226000750048530000280056050000370058850400410062550502170066665000350088365000380091865000370095674000760099314605BD-RjUL20211208235646.0140206s1953 nyua b i000 0 eng d a(OCoLC)ocm25124274 a(BD-RjUL)14658 aSMIcSMIdOCLdZCUdBD-RjULbeng aeng a 320.05 bUNP 19532 aUnited Nations Scientific Conference on the Conservation and Utilization of Resourcesd(1949 :cLake Success, N.Y.)10aProceedings of the United Nations Scientific Conference on the Conservation and Utilization of Resources, 17 August-6 September 1949, Lake Success, New York /nVolume VIIIpIndex aLake Success, N.Y. :bUnited Nations, Dept. of Economic Affairs,c1953 a134p. :bill. ;c28 cm. a"E/Conf. 7/7"--Verso t.p., v. 5. aIncludes bibliographical references.0 av. 1. Plenary meetings -- v. 2. Mineral resources -- v. 3. Fuel and energy resources -- v. 4. Water resources -- v. 5. Forest resources -- v. 6. Land resources -- v. 7. Wildlife and fish resources -- v. 8. Index. 0aNatural resourcesvCongresses. 0aForests and forestryvCongresses. 0aForest conservationvCongresses.01aScientific Conference on the Conservation and Utilization of Resources.